书目信息 |
| 题名: |
人体解剖生理学
|
|
| 作者: | 左明雪 主编 | |
| 分册: | ||
| 出版信息: | 北京 高等教育出版社 2003.08 |
|
| 页数: | 342页 | |
| 开本: | 26cm | |
| 丛书名: | ||
| 单 册: | ||
| 中图分类: | R324 | |
| 科图分类: | ||
| 主题词: | 人体解剖学--ren ti jie pou xue--人体生理学--高等教育 | |
| 电子资源: | ||
| ISBN: | 7-04-011431-3 | |
| 000 | 00862cam0 2200289 450 | |
| 001 | CAL 012003156968 | |
| 005 | 20181218083911.52 | |
| 010 | @a7-04-011431-3@d27.50CNY | |
| 099 | @aCAL 012003156968 | |
| 100 | @a20031022d2003 em y0chiy0110 ea | |
| 101 | 0 | @achi |
| 102 | @aCN@b110000 | |
| 105 | @aak a 001yy | |
| 200 | 1 | @a人体解剖生理学@Aren ti jie pou sheng li xue@f左明雪主编 |
| 210 | @a北京@c高等教育出版社@d2003.08 | |
| 215 | @a342页@c图@d26cm | |
| 312 | @a英文并列题名取自封面 | |
| 320 | @a有书目 (第334-335页)和索引 | |
| 510 | 1 | @aHuman anatomy and physiology@zeng |
| 606 | 0 | @a人体解剖学@Aren ti jie pou xue@x人体生理学@x高等教育 |
| 690 | @aR324@v4 | |
| 701 | 0 | @a左明雪@AZuo Ming Xue@4主编 |
| 801 | 0 | @aCN@bNLC@c20110401 |
| 801 | 2 | @aCN@bUSTCL@c20031022 |
| 801 | 2 | @aCN@bXMU@c20031231 |
| 905 | @a10447@dR324@eZ990 | |
| 998 | @aSTC | |
| 人体解剖生理学/左明雪主编.-北京:高等教育出版社,2003.08 |
| 342页:图;26cm |
| ISBN 7-04-011431-3:27.50CNY |
| ● |
| 相关链接 |
|
|
|
正题名:人体解剖生理学
索取号:R324/Z990
 
预约/预借
| 序号 | 登录号 | 条形码 | 馆藏地/架位号 | 状态 | 备注 |
| 1 | 1301669 | 213016699 | 自科库401/401自科库 14排1列4层/ [索取号:R324/Z990] | 在馆 | |
| 2 | 442307 | 204423070 | 自科库401/401自科库 14排1列4层/ [索取号:R324/Z990] | 在馆 | |
| 3 | 464917 | 204649176 | 自科库401/401自科库 14排1列4层/ [索取号:R324/Z990] | 在馆 | |
| 4 | 489813 | 204898138 | 自科二线504/504自科库 21排2列6层/ [索取号:R324/Z990] | 在馆 | |
| 5 | 538459 | 205384591 | 自科库401/401自科库 14排1列4层/ [索取号:R324/Z990] | 在馆 | |
| 6 | 538460 | 205384608 | 自科库401/401自科库 14排1列4层/ [索取号:R324/Z990] | 在馆 | |
| 7 | 538461 | 205384617 | 自科库401/401自科库 14排1列4层/ [索取号:R324/Z990] | 在馆 |